Skinheads (Запис номер 47701)
[ съкратено ]
| 000 -Лидер | |
|---|---|
| Контролно поле с фиксирана дължина | 01251nam a2200373 c 4500 |
| 003 - Код на организацията, давaща контролен номер | |
| Контролно поле | BLK |
| 005 - Дата и час на последна редакция | |
| Контролно поле | 20180420221832.0 |
| 008 - Елементи от данни с фиксирана дължина | |
| fixed length control field | 180408b bul|||||r ||||||| ||bul|| |
| 010 ## - Наследен системен номер | |
| LC control number | KNG00051513000 |
| 020 ## - Международен стандартен номер на книга ISBN | |
| Международен стандартен номер на книга ISBN | 3-406-37393-3 |
| -- | издат.: Beck |
| 040 ## - Източник на каталожния запис | |
| Идентификатор на билиотеката - собственик на записа | BLK |
| 041 ## - Код за език | |
| Код за езика на текст/звукозапис или на отделно заглавие | Немски |
| Код за езика КДБФ | Немски |
| 080 ## - УДК | |
| Текстов определител УДК | Движения срещу определени раси и националности |
| УДК код - определител по УДК | 323.12 |
| УДК определител | (430) |
| УДК - код + определител | 323.12(430) |
| 100 1# - Редна дума - Автор | |
| Автор | Farin, Klaus |
| Авторска отговорност | първи автор |
| R(LIN) | 9783 |
| 139 ## - Редно поле | |
| Редна дума | Farin, Klaus et al. |
| Авторски знак | Far - F 24 |
| 245 10 - Сведения за заглавието | |
| Заглавие | Skinheads |
| Редно поле (дума) | Klaus Farin; съавт. Eberhard Siedl-Pielen. |
| 250 ## - Област на изданието | |
| Сведения за изданието | 3. Aufl |
| 257 ## - Страна на издаване | |
| Страна на създаване/издаване | Германия |
| 260 ## - Област на издателските данни | |
| -- | Munchen |
| Име на издателя, разпространителя и проч. | Beck |
| Година на издаване | 1995 |
| 300 ## - Физическа характеристика | |
| Страници | 231 c |
| Размери/Мащаб | 18 см |
| 380 ## - Жанр | |
| Жанр | Обществени науки |
| 490 1# - СЕРИИ (Колекции) | |
| Име на серия | Beck'sche Reihe |
| 650 #4 - Допълнително описание по предмет – тема | |
| Основно описание – тема или топоним | Германия - социални конфликти - десни радикални движения |
| 9 (RLIN) | 281549 |
| 653 ## - Ключова дума – ненормативна | |
| Ключова дума | Германия |
| 653 ## - Ключова дума – ненормативна | |
| Ключова дума | социални конфликти |
| 653 ## - Ключова дума – ненормативна | |
| Ключова дума | десен радикализъм |
| 653 ## - Ключова дума – ненормативна | |
| Ключова дума | скинхедс |
| 700 1# - Други автори (авторска отговорност) | |
| Лично име | Siedl-Pielen, Eberhard |
| Автороска отговорност (Описва отношението между автора и произведението) | съавт. |
| 9 (RLIN) | 24408 |
| 852 ## - Местоположение | |
| Форматна сигнатура | Цб І 28038 |
| 856 4# - Електронен адрес и достъп | |
| Електронен формат | pdf - файл |
| Път до файла /url/ | |
| 856 4# - Електронен адрес и достъп | |
| Електронен формат | pdf - файл |
| Път до файла /url/ | |
| 942 ## - АРТИКУЛИ | |
| Вид на библиотечния материал | Книги |
| Скрит в OPAC | Не |
| 944 ## - СЪЗДАВАНЕ И РЕДАКЦИЯ на ЗАПИСА | |
| Създаване/Редакция | Създаване |
| Дата на регистрацията/редакция | 01.01.1999 |
| Служител, извършил регистрацията/редакцията | Теодора_Стоянова |
| 944 ## - СЪЗДАВАНЕ И РЕДАКЦИЯ на ЗАПИСА | |
| Създаване/Редакция | Редакция |
| Дата на регистрацията/редакция | 13.10.2004 |
| Служител, извършил регистрацията/редакцията | |
| 999 ## - СИСТЕМНИ КОНТРОЛНИ НОМЕРА | |
| Koha biblionumber | 47701 |
| Koha biblioitemnumber | 47701 |
| Код за отписване | Код за изгубен артикул | Източник на класификационната схема | Код за повреда | Коз за рестрикции | Код за отдаване | Артикулен № | Име на библиотеката - собственик | Име на библиотеката, в която се намира в момента | Статус (Текущо местоположение) | Дата на вписване в системата | Местоположение - отдел | Цена в лева | Инвентарен номер | Систематично азбучна сигнатура | Баркод | Номер на екземпляра | Цена в евро | Служебна бележка | Служебен тип на артикула |
|---|---|---|---|---|---|---|---|---|---|---|---|---|---|---|---|---|---|---|---|
| Не е изгубен | Universal Decimal Classification | Не е повреден | без рестрикции | заемане за дома | 74933 | Регионална библиотека "Любен Каравелов" Русе | Регионална библиотека "Любен Каравелов" Русе | ЧЧЗО - нем. ез. - Гьоте инст. | 2002-01-01 | ЧЧЗО - нем. ез. - Гьоте инст. | 10.00 | 120000902830 | Ч5 323/F24K | 120000902830 | 1 | 5.11 | Дост: Da | Книги |